[Event "ICS Rated blitz match"]
[Site "204.178.125.65"]
[Date "1999.08.10"]
[Round "?"]
[White "Hossa"]
[Black "hye-emyes"]
[Result "1-0"]
[WhiteElo "2457"]
[BlackElo "2307"]
[Annotator "Fritz 5.32 (19s)"]
[PlyCount "63"]
[EventDate "1999.??.??"]

1. d4 1... Nf6 {Opening = E30 - 4.Bg5(h6 5.Bh4 c5 6.d5 ---)} 2. c4 e6 3. Nc3
Bb4 4. Bg5 c5 5. dxc5 $146 (5. e3 Qa5 6. Bd3 Bxc3+ 7. bxc3 Qxc3+ 8. Kf1 cxd4 9.
Ne2 Qa5 10. Bxf6 gxf6 11. Nxd4 a6 12. g3 Nc6 13. Nxc6 bxc6 14. Qc2 h5 15. c5
Rb8 16. Kg2 Bb7 17. h4 d5 18. Rab1 e5 19. f3 Qc7 20. Rb6 Rg8 21. Bh7 Rg7 22.
Qf5 e4 23. f4 Bc8 24. Qxh5 Rxb6 25. cxb6 Qxb6 26. Re1 Bg4 27. Qh6 27... Qb2+ {
0-1 Ibrahim,E-Puuska,H/tt, Kuala Lumpur MAS (5) 1996 (27)}) (5. d5 d6 (5... h6
6. Bh4 b5 7. e4 exd5 8. exd5 O-O 9. Bd3 bxc4 10. Bxc4 Qe8+ 11. Nge2 Qe4 12.
Bxf6 Qxc4 13. Be5 Re8 14. f4 Bxc3+ 15. bxc3 Ba6 16. d6 16... Nc6 {
0-1 Sheldon,R-Hunt,H/Oxford ENG 1998 (16)}) 6. e3 (6. f3 O-O 7. e4 Re8 8. Qd2
b5 9. a3 Bxc3 10. bxc3 h6 11. Bf4 Bb7 12. Be2 e5 13. Be3 bxc4 14. Bxc4 Ba6 15.
Bxa6 Nxa6 16. Ne2 Rb8 17. O-O Nh7 18. Ng3 f6 19. Nf5 Ng5 20. Qf2 20... Kh7 {
Milov,V-Korchnoi,V/PCA Intel Speed Chess Grand Prix, Paris 1994/1-0 (43)}) 6...
Bxc3+ 7. bxc3 Qe7 8. Nf3 h6 9. Bh4 e5 10. Nd2 g5 11. Bg3 Bf5 12. f3 e4 13. h4
Rg8 14. hxg5 hxg5 15. fxe4 Bxe4 16. Qa4+ Nbd7 17. O-O-O Kf8 18. Re1 Ne5 19. Be2
Bxg2 20. Rh2 Be4 21. Qd1 Bg6 22. Rf2 a6 23. Ref1 Nfd7 24. Kb2 b5 25. Ka1 Rh8
26. cxb5 axb5 27. Bxb5 Kg7 28. Bxd7 Nxd7 29. Nc4 Ra6 30. Qg4 Rha8 31. Bxd6
31... Qf6 {0-1 Sashikiran,K-Janssen,R/Calicut IND 1998 (31)}) 5... Qa5 6. Bxf6
gxf6 7. Qc2 Na6 8. e4 (8. e3 Bxc3+ 9. bxc3 9... Nxc5 $11) 8... Nxc5 (8... Bxc3+
9. bxc3 Nxc5 10. Ne2 $11) 9. Nge2 b6 10. a3 10... Bxc3+ $16 (10... Bb7 11. f3
$14) 11. Nxc3 (11. Qxc3 Nd3+ 12. Kd2 Nxf2 13. Qxa5 13... bxa5 $17) ({
Jedoch nicht} 11. bxc3 11... Ba6 $15) 11... Na6 12. O-O-O Nc7 13. Qd2 Qg5 (
13... Qc5 14. h3 $16) 14. f4 Qc5 15. Qd6 $14 (15. e5 $5 15... f5 16. g4 $16)
15... Qxd6 16. Rxd6 Ke7 17. Rd2 Ba6 18. Be2 Rac8 19. Rhd1 Rhd8 20. g3 Bb7 21.
e5 {Weiss erobert Raum} 21... a6 $16 {Staerkt b5} (21... fxe5 $5 22. fxe5 22...
Ne8 $14) 22. exf6+ Kxf6 23. Rxd7 Rxd7 24. Rxd7 24... b5 $2 $18 (24... Bc6 $142
25. Rd1 25... e5 $16) 25. Bh5 {Droht Matt: Rxf7} 25... Kg7 26. Rxf7+ Kh6 27.
Bg4 (27. Bd1 {waere im Gewinnsinne praeziser} 27... Kg6 28. Rd7 bxc4 29. Bc2+
Kf6 30. Rxh7 30... Bf3 $18) 27... bxc4 28. Re7 Bd5 (28... Kg6 29. Bxe6 Nxe6 30.
Rxe6+ Kf7 31. Rh6 $18) 29. Nxd5 exd5 (29... Nxd5 {
bietet noch letzte Rettungschancen} 30. Rxe6+ 30... Kg7 $18) 30. Bxc8 {
Es droht Matt} 30... Nb5 31. Bf5 $1 {die Pointe} 31... Nd4 (31... Nxa3 {
aendert nichts mehr} 32. Rxh7#) 32. Rxh7# 1-0

[Event "ICS rated blitz match"]
[Site "204.178.125.65"]
[Date "1999.08.10"]
[Round "?"]
[White "hye-emyes"]
[Black "Hossa"]
[Result "0-1"]
[WhiteElo "2282"]
[BlackElo "2462"]
[Annotator "Fritz 5.32 (19s)"]
[PlyCount "90"]
[EventDate "1999.??.??"]

1. e4 1... c6 {Opening = B12 - 2.d4 d5 (3.e5)} 2. d4 d5 3. Nd2 3... Nf6 $14 (
3... dxe4 4. Nxe4 Bf5 5. Ng3 $11) 4. e5 {Weiss gewinnt Raum} 4... Nfd7 5. e6
fxe6 6. Ngf3 c5 7. dxc5 7... Nxc5 $14 (7... Qc7 8. b4 $11) 8. Ne5 {
Der Springer ist gut postiert} 8... g6 9. Ndf3 $15 (9. Qf3 $5 {
ist bedenkenswert} 9... Qb6 10. Qf7+ Kd8 11. Qf4 $14) 9... Bg7 10. Be2 O-O 11.
O-O $17 (11. Be3 11... Qd6 $15) 11... Nc6 {Schwarz erhaelt starke Initiative}
12. Nxc6 bxc6 13. Be3 Ne4 14. Bd4 Bxd4 15. Qxd4 ({Nachteilig ist} 15. Nxd4
15... Qb6 $17) 15... Qb6 16. Qa4 (16. b4 Rf4 17. c3 17... Rb8 $15) 16... Qxb2
$15 (16... e5 17. c4 $17) 17. Qxc6 $17 (17. Bd3 17... Rb8 $15) 17... Qb7 18.
Qa4 $4 $19 {fuehrt zu weiterem Ungemach} (18. Qxb7 $142 18... Bxb7 19. Bd3 $15)
18... Nc3 19. Qh4 Nxe2+ 20. Kh1 Qc7 21. Ng5 {Droht Matt} 21... h5 22. g3 (22.
Rae1 {hilft allerdings auch nicht} 22... Rf4 (22... Qxc2 23. Qb4 Rf4 24. Qxe7
$19) 23. Qh3 23... Nd4 $19) 22... Rb8 23. Rae1 (23. Qa4 {aendert nichts mehr}
23... Qc5 $19) 23... Qxc2 24. Nh3 (24. h3 {hilft auch nicht mehr} 24... e5 $19)
24... Rf6 (24... Rb2 {und Schwarz haette es noch leichter} 25. Ng5 $19) 25. f3
Qxa2 26. Rf2 (26. Ng5 {waere gleichermassen fruchtlos} 26... Qd2 $19) 26... Rb2
27. Nf4 (27. Qg5 e5 28. Qxe5 Bxh3 29. Rfxe2 Rxe2 30. Qxe2 Re6 31. Qxe6+ Bxe6
32. Rxe6 32... Qf2 $19) 27... Nxg3+ 28. Qxg3 Rxf2 29. Nxh5 Rxh2+ (29... R6xf3
$5 $142 {gibt noch groesseren Vorteil} 30. Qxg6+ Kf8 31. Qh6+ Ke8 32. Ng7+ Kd8
33. Rg1 $19) 30. Qxh2 30... Qxh2+ $1 {triumphiert} 31. Kxh2 gxh5 32. Rg1+ (32.
Kg3 {aendert den traurigen Lauf der Dinge nicht} 32... Kf7 $19) 32... Kf7 33.
Kg3 (33. Rc1 {nuetzt auch nichts mehr} 33... Ba6 $19) 33... Rg6+ 34. Kf2 Rxg1
35. Kxg1 a5 36. Kg2 a4 37. Kf2 a3 38. Ke2 h4 39. Kd2 a2 40. Ke2 a1=Q 41. Kf2 (
41. Kd3 {aendert nichts am Ausgang der Partie} 41... Qc1 42. Ke2 Ba6+ 43. Kf2
Qc2+ 44. Ke3 e5 45. f4 Qe2#) 41... Qd4+ (41... Ba6 42. Ke3 Qc1+ 43. Kd4 Kf6 44.
f4 Qc4+ 45. Ke3 Qd3+ 46. Kf2 Qg3#) 42. Kg2 Qd2+ 43. Kh3 Kf6 44. Kg4 (44. f4 {
holt die Kuh nicht vom Eis} 44... Kf5 45. Kxh4 Qh2#) 44... e5+ 45. Kxh4 Qh2# (
45... Qg5#) 0-1

[Event "ICS rated blitz match"]
[Site "204.178.125.65"]
[Date "1999.08.10"]
[Round "?"]
[White "Hossa"]
[Black "hye-emyes"]
[Result "1-0"]
[WhiteElo "2466"]
[BlackElo "2262"]
[Annotator "Fritz 5.32 (19s)"]
[PlyCount "131"]
[EventDate "1999.??.??"]

1. d4 1... Nf6 {Opening = E92 - 6.Be2 e5 (7.d5 ---)} 2. c4 g6 3. Nc3 Bg7 4. e4
d6 5. Nf3 O-O 6. Be2 e5 7. Bg5 h6 (7... exd4 8. Nxd4 Re8 9. f3 h6 10. Bh4 c6
11. Bf2 d5 12. exd5 cxd5 13. O-O Nc6 14. c5 Qe7 15. Bb5 Bd7 16. Re1 Qf8 17. Qd2
a6 18. Ba4 Rxe1+ 19. Rxe1 Re8 20. Bb3 Rxe1+ 21. Qxe1 Nxd4 22. Bxd4 {
Jost,C-Claverie,C/French Teams, FRA 1996/ - (35)}) 8. Bh4 (8. Bxf6 Qxf6 9. dxe5
dxe5 10. O-O Na6 11. Nd5 Qd8 12. Qc2 c6 13. Ne3 Qe7 14. a3 f5 15. b4 f4 16. Nd1
g5 17. h3 Nc7 18. Nh2 Ne6 19. c5 Nd4 20. Qa2+ Kh8 21. Bg4 a5 22. Bxc8 Rfxc8 23.
Qb2 h5 24. f3 axb4 25. axb4 Rxa1 26. Qxa1 Ne2+ 27. Kf2 Ng3 28. Re1 b6 29. Qc3
bxc5 30. bxc5 Bf8 31. Kg1 Qxc5+ 32. Qxc5 Bxc5+ 33. Nf2 33... Rb8 {
0-1 Sparreboom,W-Del Rey,D/Open, Malaga ESP 1998 (33)}) 8... exd4 9. Nxd4 c6
10. O-O $146 (10. Qd2 Na6 11. Nb3 Qe7 12. O-O-O g5 13. Bg3 Nxe4 14. Nxe4 Qxe4
15. Bd3 Qg4 16. f3 Qh5 17. Bxd6 Re8 18. g4 Qh3 19. Bg3 Bxg4 20. fxg4 Qxg4 21.
Kb1 f5 22. Rhg1 f4 23. Bf2 Qh3 24. c5 Qxh2 25. Bc4+ Kh8 26. Rh1 Qg2 27. Rxh6+ {
1-0 Kjartansson,D-Burden,J/2nd G Arason, Hafnarfjordur ICE 1996 (27)}) 10...
Qa5 11. Qd3 Nbd7 12. Nb3 Qc7 13. Rad1 d5 14. cxd5 Ne5 15. Qd2 cxd5 16. Bxf6
Bxf6 17. Nxd5 Qd8 18. Nxf6+ (18. Qxh6 $6 18... Bg5 19. Nc7 Bxh6 20. Rxd8 Rxd8
21. Nxa8 21... Be6 $16) 18... Qxf6 19. Qxh6 Ng4 20. Bxg4 Bxg4 21. Rb1 Rad8 22.
f3 Be6 23. Qe3 b6 24. Rfc1 Rd7 25. Kh1 $16 (25. e5 $5 25... Qg7 $18) 25... Rfd8
26. Re1 Qh4 27. Nc1 27... Rd1 {Droht Matt: Qxe1} 28. Rg1 R1d2 (28... Kg7 29.
Ne2 R1d2 30. Nf4 Bxa2 31. Ra1 $18) 29. Rf1 $14 (29. Nb3 $5 29... R2d3 30. Qe2
$16) 29... Rc2 $16 (29... Rxg2 30. Kxg2 Bh3+ 31. Kh1 Bxf1 32. Ne2 Bxe2 33. Qxe2
$16) 30. Nb3 Bxb3 31. axb3 (31. Qxb3 $4 31... Rxg2 $3 {das entscheidende Opfer}
32. Qxf7+ Kxf7 33. Kxg2 Rd2+ 34. Rf2 Rxf2+ 35. Kg1 Qxh2#) 31... Rdd2 {
Mit der Mattdrohung Rxg2} 32. Rg1 Qf6 33. Qh6 Rxb2 34. Rxb2 (34. Rbc1 34... Qd8
$16) 34... Qxb2 35. h3 Qc2 (35... Qd4 36. Qg5 $14) 36. b4 $14 (36. Qf4 $5 $16)
36... Rd1 37. Qe3 37... Rxg1+ $16 (37... Qb1 38. Rxd1 Qxd1+ 39. Kh2 Qd6+ 40.
Kg1 40... Qxb4 $17) 38. Qxg1 Qb2 39. Qe1 Qc2 40. h4 Qd3 41. Kg1 Qd4+ 42. Kf1
Qc4+ 43. Kf2 Qc2+ 44. Qe2 Qc3 (44... Qc7 45. Qa6 $14) 45. b5 Qc5+ 46. Kg3 Qe5+
47. f4 Qc3+ 48. Kh2 Qd4 49. g3 Kg7 50. f5 Qe5 51. fxg6 fxg6 52. Kg2 Kf6 53. Qd3
Kg7 54. Qd5 54... Qxd5 $4 {der letzte Fehler} (54... Qc3 $18 $142) 55. exd5 Kf6
56. g4 Ke5 57. h5 g5 (57... gxh5 {waere gleichermassen fruchtlos} 58. gxh5 Kxd5
59. h6 $18) 58. h6 Kf6 (58... Kxd5 {aendert nichts am Ausgang der Partie} 59.
h7 Kc5 60. h8=Q Kxb5 61. Qe8+ Ka5 62. Qe5+ b5 63. Qc7+ Kb4 64. Qxa7 $18) 59. d6
Ke6 60. h7 Kxd6 61. h8=Q Kc5 62. Qe5+ Kb4 63. Qd5 Ka5 64. Qc4 a6 65. Qb3 $1 {
nun ist alles klar} 65... axb5 66. Qa3# 1-0

[Event "ICS rated blitz match"]
[Site "204.178.125.65"]
[Date "1999.08.10"]
[Round "?"]
[White "hye-emyes"]
[Black "Hossa"]
[Result "0-1"]
[WhiteElo "2245"]
[BlackElo "2470"]
[PlyCount "76"]
[EventDate "1999.??.??"]

1. d4 d5 2. c4 Nc6 3. e3 dxc4 4. Bxc4 e5 5. Nf3 Bb4+ 6. Nc3 exd4 7. exd4 Bg4 8.
Be3 Qf6 9. d5 Bxc3+ 10. Kf1 Bxb2 11. Rb1 O-O-O 12. Qa4 Bxf3 13. dxc6 Qg6 14.
gxf3 Qxb1+ 15. Ke2 Qg6 16. cxb7+ Kxb7 17. Rb1 Qf6 18. Ba6+ Qxa6+ 19. Qxa6+ Kxa6
20. Rxb2 Ne7 21. Rb3 Nc6 22. Ra3+ Kb7 23. Rb3+ Kc8 24. Rc3 Nd4+ 25. Bxd4 Rxd4
26. Ra3 Re8+ 27. Kf1 Kb7 28. Kg2 Re6 29. h3 Rg6+ 30. Kh2 Rd2 31. Rb3+ Rb6 32.
Rc3 Rxf2+ 33. Kg3 Rxa2 34. Re3 Rg6+ 35. Kf4 Ra4+ 36. Kf5 Rf6+ 37. Kg5 h6+ 38.
Kh5 38... Rf5# {hye-emyes checkmated} 0-1

[Event "ICS Rated blitz match"]
[Site "204.178.125.65"]
[Date "1999.08.10"]
[Round "?"]
[White "Hossa"]
[Black "MissSilicon"]
[Result "0-1"]
[WhiteElo "2474"]
[BlackElo "2608"]
[PlyCount "125"]
[EventDate "1999.??.??"]

1. d4 d5 2. c4 e6 3. Nc3 Nf6 4. cxd5 exd5 5. Bg5 Bb4 6. e3 h6 7. Bxf6 Qxf6 8.
Qb3 Qd6 9. Bd3 Nc6 10. Nge2 O-O 11. O-O Rd8 12. Qc2 Ba5 13. Rfd1 Nb4 14. Qa4
Nxd3 15. Rxd3 Qb4 16. Qxb4 Bxb4 17. Rc1 Bf5 18. Rd2 c6 19. h3 Re8 20. g4 Bh7
21. a3 Bd6 22. Kg2 Re6 23. h4 Rae8 24. h5 Rf6 25. Ng3 g6 26. Na4 Rfe6 27. Nc3
a6 28. Na4 R6e7 29. Nc5 Kg7 30. Rc3 a5 31. Rb3 b5 32. Rc3 Rc8 33. Nd3 b4 34.
axb4 axb4 35. Rc1 g5 36. b3 Ra7 37. Nc5 Kf6 38. Rdd1 Ra3 39. Kh3 Bxc5 40. Rxc5
Ke7 41. f4 Rxb3 42. fxg5 hxg5 43. Re1 Kd6 44. Rf1 Rxe3 45. Rxf7 Bd3 46. Rf6+
Re6 47. Rf7 Ra8 48. Rf3 Ra3 49. Rf2 b3 50. Rd2 Bc2 51. Rf2 Re3 52. Rf6+ Ke7 53.
Rfxc6 b2 54. Rc7+ Kf8 55. Rc8+ Re8 56. Rxc2 b1=Q 57. Rf2+ Ke7 58. Rxe8+ Kxe8
59. Kh2 Qd1 60. Re2+ Kd8 61. Re5 Qf3 62. Kg1 Qxg3+ 63. Kf1 {Hossa resigns} 0-1

[Event "ICS Rated blitz match"]
[Site "204.178.125.65"]
[Date "1999.08.10"]
[Round "?"]
[White "libertad"]
[Black "Hossa"]
[Result "0-1"]
[WhiteElo "2236"]
[BlackElo "2464"]
[PlyCount "45"]
[EventDate "1999.??.??"]

1. e4 c6 2. Nf3 d5 3. e5 Nd7 4. d4 f6 5. Bd3 fxe5 6. dxe5 Nc5 7. O-O Bg4 8. b4
Nxd3 9. Qxd3 e6 10. h3 Bxf3 11. Qxf3 Qc7 12. Bg5 Qxe5 13. Bf4 Qxa1 14. c3 Nf6
15. Re1 Qxa2 16. Rxe6+ Kf7 17. Re1 Re8 18. Rxe8 Qxb1+ 19. Kh2 Kxe8 20. Bg5 Bd6+
21. g3 Qe4 22. Qd1 Qf5 23. Qd2 {libertad resigns} 0-1

[Event "ICS Rated blitz match"]
[Site "204.178.125.65"]
[Date "1999.08.10"]
[Round "?"]
[White "Hossa"]
[Black "libertad"]
[Result "0-1"]
[WhiteElo "2471"]
[BlackElo "2229"]
[Annotator "Fritz 5.32 (19s)"]
[PlyCount "87"]
[EventDate "1999.??.??"]

1. d4 1... d5 {Opening = D08 - 2.c4 e5 (3.de5 d4 4.Nf3 Nc6 5.---)} 2. c4 e5 3.
dxe5 d4 4. Nf3 Nc6 5. Bf4 (5. a3 a5 6. Bg5 Be7 7. h4 Bg4 8. Nbd2 h6 9. Bf4 Qd7
10. e3 dxe3 11. fxe3 Rd8 12. Qb3 b6 13. O-O-O f6 14. exf6 Nxf6 15. c5 Be6 16.
Bc4 Bxc4 17. Nxc4 Qe6 18. Nxa5 Nd5 19. Qb5 19... bxa5 {
Karpov,A-Stoma,P/Simul, Koszalin POL 1997/1-0 (31)}) 5... Nge7 $146 (5... Be6
6. Nbd2 Qd7 7. Qa4 Nge7 8. O-O-O Ng6 9. g3 Bg4 10. Bg2 Nxf4 11. gxf4 O-O-O 12.
Nb3 Qf5 13. Nfxd4 Nxd4 14. Nxd4 Qxf4+ 15. e3 Qxf2 16. Qxa7 Qxg2 17. Qa8+ Kd7
18. Qxd8+ {1-0 Santos,A-Rodrigues,N/Honra, Almada POR 1998 (18)}) 6. Nbd2 Ng6
7. Bg3 Bg4 8. a3 a5 9. Qb3 Rb8 10. e3 Bc5 11. Qb5 dxe3 12. Qxc5 exd2+ 13. Nxd2
Qd4 14. Qxd4 Nxd4 15. Bd3 O-O 16. f4 b5 17. cxb5 Nxb5 18. Nc4 Rfd8 19. Bxg6
hxg6 20. h3 Be6 21. Ne3 Nd4 22. b4 axb4 23. Bh4 Rd7 24. axb4 Rxb4 25. Bg5 c5
26. Ra8+ Kh7 27. O-O Nf5 28. Nxf5 gxf5 29. Rc1 c4 30. Ra2 Rd3 31. Be7 Rbb3 32.
Kf2 c3 33. Bd6 Rb2+ 34. Rxb2 cxb2 35. Rb1 Rd2+ 36. Ke1 Rxg2 37. Bc5 Ba2 38.
Rxb2 Rxb2 39. h4 Rh2 40. Be7 Kh6 41. Kd1 Kh5 42. Bg5 Kg4 43. Ke1 Kf3 44. Kd1
0-1

[Event "ICS rated bullet match"]
[Site "204.178.125.65"]
[Date "1999.08.10"]
[Round "?"]
[White "JSBach"]
[Black "Hossa"]
[Result "0-1"]
[WhiteElo "2172"]
[BlackElo "2310"]
[PlyCount "104"]
[EventDate "1999.??.??"]

1. e4 c6 2. Nf3 d5 3. exd5 cxd5 4. d4 Bg4 5. Bb5+ Nc6 6. Nc3 a6 7. Bxc6+ bxc6
8. h3 Bxf3 9. Qxf3 e6 10. O-O Bb4 11. Bf4 Ne7 12. Be5 O-O 13. Kh1 f6 14. Bh2 e5
15. a3 Ba5 16. Rad1 Qd7 17. Rfe1 Rab8 18. b3 Qf5 19. Qxf5 Nxf5 20. b4 Nxd4 21.
Nxd5 cxd5 22. Rxd4 exd4 23. Bxb8 Bxb4 24. axb4 Rxb8 25. Rb1 Re8 26. Rb2 Re2 27.
Kh2 d3 28. b5 dxc2 29. bxa6 c1=Q 30. Rxe2 Qc4 31. Re6 Kf7 32. Re1 Qxa6 33. f4
Qd3 34. h4 Qd2 35. Rf1 Qe2 36. Rb1 Qf2 37. Rb7+ Kg6 38. Kh3 Qxf4 39. Re7 d4 40.
Rb7 h5 41. g3 Qe4 42. Rb2 Qh1+ 43. Rh2 Qxh2+ 44. Kxh2 d3 45. Kg2 d2 46. Kf3
d1=Q+ 47. Ke3 Qg1+ 48. Kf3 Kf5 49. Ke2 Ke4 50. g4 Qe3+ 51. Kd1 Kd3 52. gxh5
52... Qd2# {JSBach checkmated} 0-1

[Event "ICS Rated blitz match"]
[Site "204.178.125.65"]
[Date "1999.08.10"]
[Round "?"]
[White "Hossa"]
[Black "mkarp"]
[Result "1-0"]
[WhiteElo "2445"]
[BlackElo "2182"]
[PlyCount "67"]
[EventDate "1999.??.??"]

1. d4 Nf6 2. c4 g6 3. Nc3 Bg7 4. e4 d6 5. f3 O-O 6. Be2 Nc6 7. d5 Ne5 8. Bg5 c6
9. Rc1 a6 10. Qd2 Re8 11. Bh6 Bh8 12. Qg5 b5 13. cxb5 axb5 14. f4 Nc4 15. dxc6
Nxb2 16. Qxb5 Ba6 17. Qxb2 Nxe4 18. c7 Qd7 19. Bxa6 Rxa6 20. Nge2 Rc6 21. Qb5
Qxc7 22. Nd1 Rc8 23. Rxc6 Qxc6 24. Qxc6 Rxc6 25. Rf1 Ra6 26. Rf3 Rxa2 27. Rb3
Ra8 28. Rb7 e6 29. Ng3 Nc5 30. Rc7 Bf6 31. Ne2 Bd8 32. Rc6 Ne4 33. Nec3 Be7 34.
Nxe4 {mkarp resigns} 1-0

[Event "ICS Rated blitz match"]
[Site "204.178.125.65"]
[Date "1999.08.10"]
[Round "?"]
[White "libertad"]
[Black "Hossa"]
[Result "0-1"]
[WhiteElo "2236"]
[BlackElo "2451"]
[PlyCount "100"]
[EventDate "1999.??.??"]

1. e4 c6 2. d4 d5 3. e5 Bf5 4. f4 Nd7 5. Nf3 e6 6. Bd3 Bxd3 7. Qxd3 Be7 8. O-O
Nh6 9. b3 c5 10. c3 cxd4 11. cxd4 Rc8 12. Ba3 O-O 13. Bxe7 Qxe7 14. Nbd2 f6 15.
Rac1 Qa3 16. Rc2 fxe5 17. fxe5 Rxc2 18. Qxc2 Nf5 19. Re1 Nb6 20. Nb1 Qa5 21.
Qd2 Qxd2 22. Nbxd2 Rc8 23. g4 Ne7 24. Ng5 Rc6 25. Rf1 h6 26. Nh3 Rc2 27. Nf3
Rxa2 28. Nf4 Rb2 29. Nxe6 Nbc8 30. Nh4 Rxb3 31. Rf8+ Kh7 32. Nf5 Nxf5 33. gxf5
Ne7 34. Rf7 Nc6 35. Rxg7+ Kh8 36. f6 Rb1+ 37. Kg2 Rb2+ 38. Kh3 Rb3+ 39. Kh4
Nxd4 40. Kh5 Nxe6 41. Re7 Rb6 42. f7 Kg7 43. h4 Nf4+ 44. Kg4 Ng6 45. Rc7 Nxe5+
46. Kf5 Nxf7 47. h5 d4 48. Ke4 Rb4 49. Kd3 Kf6 50. Rd7 50... Ne5+ {
libertad resigns} 0-1

[Event "ICS Rated blitz match"]
[Site "204.178.125.65"]
[Date "1999.08.10"]
[Round "?"]
[White "Hossa"]
[Black "libertad"]
[Result "1-0"]
[WhiteElo "2458"]
[BlackElo "2229"]
[Annotator "Fritz 5.32 (19s)"]
[PlyCount "57"]
[EventDate "1999.??.??"]

1. d4 1... d5 {Opening = D06 - 2.c4 ---} 2. c4 2... g6 $146 (2... Bf5 3. cxd5
Bxb1 4. Rxb1 (4. Qa4+ c6 5. dxc6 Nxc6 6. Rxb1 e5 7. Bd2 Qxd4 8. Qxd4 exd4 9. g3
Bd6 10. Bg2 Nge7 11. Nh3 O-O 12. Nf4 Rfe8 13. Nd3 Rac8 14. O-O Ng6 15. Rfe1
Nge5 16. Nxe5 Bxe5 17. Rbc1 Bf6 18. b4 Be7 19. a3 a5 20. bxa5 Bxa3 21. Rc4 Ra8
22. Rxc6 bxc6 23. Bxc6 Bb2 24. Bxe8 Rxe8 25. e3 Bc3 26. exd4 {
1-0 Browne,W-Finegold,B/1994 U.S. Championships, Key West USA ( 1994 (26)})
4... Qxd5 5. a3 Nc6 6. e3 e5 7. dxe5 Qxd1+ 8. Kxd1 O-O-O+ 9. Bd2 Nxe5 10. Nf3
Bd6 11. Nxe5 Bxe5 12. Be2 Nf6 13. Bf3 Rhe8 14. Ke2 Bd6 15. Rhc1 Ne4 16. Be1 g6
17. g3 {Crouch,C-Sakovich,I/op, Decin CZE (8) 1996/1-0 (72)}) (2... c5 3. cxd5
Nf6 4. dxc5 Qxd5 5. Qxd5 Nxd5 6. e4 Nb4 7. Na3 e5 8. Be3 a6 9. Nf3 f6 10. Nd2
Be6 11. Bc4 Bxc4 12. Ndxc4 Bxc5 13. Bxc5 Nd3+ 14. Ke2 Nxc5 15. Nb6 Ra7 16. Rac1
{1-0 Szabo,L-O'Kelly de Galway,A/Staunton, Groningen NED (4) 1946 (16)}) 3.
cxd5 Qxd5 4. Nc3 Qd8 5. e4 Bg7 6. Be3 Nc6 7. Bb5 Bd7 8. Nge2 Nh6 9. Bxc6 Bxc6
10. d5 Bd7 11. Bd4 O-O 12. Bxg7 Kxg7 13. Qb3 b6 14. O-O e5 15. f4 exf4 16. Nxf4
Ng4 17. h3 Ne5 18. Rad1 Qh4 19. Rd4 Rae8 20. a4 f5 21. Qd1 fxe4 22. Rxe4 Bf5
23. Ne6+ Bxe6 24. Rxh4 Bf5 25. Qc1 h5 26. Nb5 Nd3 27. Qxc7+ Rf7 28. Qc3+ Kh7
29. Nd6 (29. Nd6) 1-0

[Event "ICS rated bullet match"]
[Site "204.178.125.65"]
[Date "1999.08.10"]
[Round "?"]
[White "Hossa"]
[Black "JSBach"]
[Result "1-0"]
[WhiteElo "2320"]
[BlackElo "2162"]
[PlyCount "57"]
[EventDate "1999.??.??"]

1. d4 d5 2. c4 dxc4 3. e4 Nf6 4. e5 Nd5 5. Bxc4 e6 6. Nf3 Nc6 7. Bxd5 Qxd5 8.
O-O Be7 9. Nc3 Qc4 10. d5 exd5 11. Nxd5 Bd8 12. b3 Qg4 13. Ba3 Be6 14. Re1 Rc8
15. Rc1 a5 16. Bc5 Rb8 17. Qd2 Qf5 18. Re3 Qh5 19. Nf4 Qg4 20. Rd3 Bg5 21. Nxe6
fxe6 22. Qxg5 Qxg5 23. Nxg5 Nxe5 24. Re3 Ng4 25. Rxe6+ Kd7 26. Re7+ Kc8 27. Ba7
Kd8 28. Rcxc7 Rc8 29. Nf7# {JSBach checkmated} 1-0

[Event "ICS Rated blitz match"]
[Site "204.178.125.65"]
[Date "1999.08.10"]
[Round "?"]
[White "bot"]
[Black "Hossa"]
[Result "1-0"]
[WhiteElo "2797"]
[BlackElo "2465"]
[Annotator "Fritz 5.32 (19s)"]
[PlyCount "47"]
[EventDate "1999.??.??"]

1. e4 1... c6 {Opening = B15 - 3.Nc3(de4 4.Ne4 Nf6 5.Nf6 ef6)} 2. d4 d5 3. Nc3
dxe4 4. Nxe4 Qd5 5. Nc3 Qd8 6. Nf3 a6 7. Bc4 b5 8. Bd3 Bg4 9. O-O b4 10. Ne4
Bxf3 11. Qxf3 Qxd4 12. Rd1 Qa7 13. Bc4 Nf6 14. Re1 Qd4 15. c3 bxc3 16. bxc3 Qe5
17. Bf4 Qa5 18. Bxb8 Kd8 19. Nxf6 Qa4 20. Qd3+ Kc8 21. Qd7+ Kxb8 22. Ne8 Qa5 (
22... Ra7 {kann das Vorangegangene nicht ungeschehen machen} 23. Qd8+ Kb7 24.
Qc7+ Ka8 25. Qc8#) 23. Rab1+ Qb5 (23... Qb6 {
aendert den traurigen Lauf der Dinge nicht} 24. Rxb6#) 24. Qc7# 1-0

[Event "ICS Rated blitz match"]
[Site "204.178.125.65"]
[Date "1999.08.10"]
[Round "?"]
[White "occam"]
[Black "Hossa"]
[Result "1/2-1/2"]
[WhiteElo "2451"]
[BlackElo "2461"]
[PlyCount "165"]
[EventDate "1999.??.??"]

1. e4 c6 2. d4 d5 3. Nd2 Nf6 4. e5 Nfd7 5. Ngf3 c5 6. c4 e6 7. cxd5 exd5 8. Qb3
Nb6 9. dxc5 Bxc5 10. Qb5+ N8d7 11. Nb3 a6 12. Qa5 Be7 13. Be3 O-O 14. Be2 Nc4
15. Qxd5 Nxe3 16. fxe3 Bb4+ 17. Kf1 Nc5 18. Qxd8 Rxd8 19. Nbd4 Na4 20. Rb1 Bg4
21. Bd1 Bd7 22. Bxa4 Bxa4 23. Rc1 Rac8 24. Rxc8 Rxc8 25. Kf2 Bd7 26. Rd1 a5 27.
Kg1 Ba4 28. b3 Bd7 29. a4 Rc7 30. e4 b6 31. Kh1 h5 32. Ne2 b5 33. axb5 Bxb5 34.
Nf4 Bc6 35. Rc1 Rc8 36. Nxh5 Kf8 37. Nf4 Be7 38. Nd5 Bd8 39. Nd4 Bb7 40. Rxc8
Bxc8 41. Nc6 Ke8 42. h3 Bd7 43. Nd4 Kf8 44. Kh2 Kg8 45. Kg3 Kh7 46. h4 Kg8 47.
h5 Kh7 48. Kf3 Bg5 49. Nb6 Be6 50. Nc4 Bd8 51. Nc6 Bxc4 52. bxc4 Bb6 53. g4 a4
54. Nb4 a3 55. Kf4 Ba5 56. Na2 g6 57. hxg6+ Kxg6 58. c5 Bd2+ 59. Kf3 Kg5 60. c6
Ba5 61. Ke3 Kxg4 62. Kd4 Kf3 63. Nc3 Kf2 64. Kc4 Ke3 65. Kb3 Kd4 66. Nd5 Kxe4
67. c7 a2 68. Kb2 a1=Q+ 69. Kxa1 Bxc7 70. Nxc7 Kxe5 71. Kb2 f5 72. Kc2 f4 73.
Kd2 Ke4 74. Ke2 Kd4 75. Kf3 Ke5 76. Nb5 Kf5 77. Nd4+ Ke5 78. Nc6+ Kf5 79. Nb4
Ke5 80. Nd3+ Kd4 81. Nf2 Ke5 82. Nh3 Kd4 83. Kxf4 {
Game drawn because neither player has mating material} 1/2-1/2

[Event "ICS Rated blitz match"]
[Site "204.178.125.65"]
[Date "1999.08.10"]
[Round "?"]
[White "Hossa"]
[Black "SSM"]
[Result "1-0"]
[WhiteElo "2461"]
[BlackElo "2395"]
[PlyCount "42"]
[EventDate "1999.??.??"]

1. d4 Nf6 2. c4 g6 3. Nc3 Bg7 4. e4 d6 5. f3 O-O 6. Be3 e5 7. Nge2 c6 8. Qd2
Nbd7 9. O-O-O a6 10. Kb1 b5 11. Nc1 Rb8 12. dxe5 Nxe5 13. cxb5 cxb5 14. Qxd6
Nfd7 15. Nb3 Nc4 16. Bxc4 bxc4 17. Qxb8 Nxb8 18. Rxd8 Rxd8 19. Nc5 Nc6 20. Nd5
Be6 21. Nb6 21... Rd3 {SSM resigns} 1-0

[Event "ICS Rated blitz match"]
[Site "204.178.125.65"]
[Date "1999.08.10"]
[Round "?"]
[White "Hossa"]
[Black "MoonShot"]
[Result "0-1"]
[WhiteElo "2474"]
[BlackElo "2594"]
[PlyCount "104"]
[EventDate "1999.??.??"]

1. d4 d5 2. c4 dxc4 3. e3 e5 4. Bxc4 exd4 5. exd4 Bd6 6. Ne2 Nf6 7. O-O O-O 8.
Nbc3 Bf5 9. Qb3 b6 10. Nb5 Nc6 11. Re1 Na5 12. Qf3 Bb4 13. Nbc3 Be4 14. Nxe4
Bxe1 15. Nxf6+ Qxf6 16. Qxf6 gxf6 17. Bh6 Rfe8 18. Bb5 c6 19. Rxe1 cxb5 20. Be3
Rad8 21. b3 Rc8 22. Nf4 f5 23. f3 Nc6 24. Nh5 Red8 25. d5 Nb4 26. Bg5 f6 27.
Nxf6+ Kf7 28. Nxh7 Rd7 29. Nf6 Rd6 30. Nh5 Nxd5 31. Nf4 Nxf4 32. Bxf4 Re6 33.
Rxe6 Kxe6 34. Kf1 Rc2 35. a3 Ra2 36. b4 Rxa3 37. Kf2 Ra2+ 38. Kg3 Rb2 39. Bb8
a5 40. bxa5 bxa5 41. f4 b4 42. Kf3 b3 43. Be5 Rc2 44. Ke3 a4 45. g4 b2 46. Bxb2
Rxb2 47. h3 a3 48. Kd3 a2 49. Ke3 a1=Q 50. g5 Qa3+ 51. Kd4 Rb4+ 52. Kc5 52...
Qc3# {Hossa checkmated} 0-1